| 000 | 00448nam a2200181Ia 4500 | ||
|---|---|---|---|
| 005 | 20230421131711.0 | ||
| 008 | 230125s9999 xx 000 0 und d | ||
| 041 | _aeng | ||
| 082 |
_a005.133 _bSYB |
||
| 100 |
_aSybex _9107540 |
||
| 245 | _aVisual Basic 6 : complete | ||
| 260 |
_c1999 _bBPB Publication _aNew Delhi |
||
| 500 | _aVisual Basic | ||
| 650 | _aComputer Management | ||
| 700 |
_aSybex _9107540 |
||
| 942 | _cDB | ||
| 999 |
_c92857 _d92857 |
||